00758nam a22002177a 450000500170000000800410001702000180005804000070007604100120008308200170009510000230011224500260013526000670016130000280022836500570025665000340031365000370034794200120038499900190039695201250041520260331111356.0260331b |||||||| |||| 00| 0 eng d a9789339219529 cAL aEnglish a621.38bSIND aT L Singal9259797 aDigital communication aNew DelhibMcGraw Hill Education (India) Private Limitedc2015 axxv,508p.bPBc24x18cm. aVBI-2645b₹431.25c₹d₹575.00e25%f20-02-2026 aCommunication Systems9259798 a“Digital Communication9259799 2ddccBK c241086d241086 00102ddc40708ECE aSEbSEd2026-03-23f431.25l0o621.38 SINDpSE000353r2026-03-31 11:20:43v575.00w2026-02-20yBK